|
|
|
|
| LEADER |
01520nam a22003372a 4500 |
| 001 |
001258710 |
| 003 |
CZ BrMZK |
| 005 |
20121018123825.0 |
| 007 |
ta |
| 008 |
121018s1974 xr a er|||||||||||cze d |
| 015 |
|
|
|a cnb000462970
|
| 035 |
|
|
|a (OCoLC)42099774
|
| 040 |
|
|
|a ABA001
|b cze
|c OLA001
|d BOA001
|
| 080 |
9 |
|
|a 885-93-32
|
| 100 |
1 |
|
|a Říha, Bohumil,
|d 1907-1987
|7 jk01110164
|4 aut
|
| 245 |
1 |
0 |
|a O letadélku Káněti :
|b veselé příhody pekelských dětí a jejich psa s malým letadlem /
|c Bohumil Říha ; ilustrovala Helena Zmatlíková
|
| 250 |
|
|
|a 5. vyd.
|
| 260 |
|
|
|a Praha :
|b Albatros,
|c 1974
|e (Liberec :
|f SG 1)
|
| 300 |
|
|
|a 100 s. :
|b il.
|
| 490 |
1 |
|
|a Klub mladých čtenářů
|
| 500 |
|
|
|a Obálka: Zdenek Seydl
|
| 500 |
|
|
|a 100000 výt.
|
| 520 |
|
|
|a Známá knížka vypráví o dvou zvídavých chlapcích, kteří podnikají výlety na tovární letiště a za pomoci obětavého pilota se tajně naučí létat. Úsměvný příběh vrcholí, když oba chlapci pomohou svým leteckým uměním zachránit život ohroženému letci.
|
| 500 |
|
|
|a Dostupné též v digitální podobě v aplikaci Kramerius
|
| 830 |
|
0 |
|a Klub mladých čtenářů (Albatros)
|0 s
|
| 856 |
4 |
1 |
|u http://www.digitalniknihovna.cz/mzk/uuid/uuid:9bde1360-90a8-11eb-8f72-005056827e52
|y Digitalizovaný dokument
|x NDK
|
| 910 |
|
|
|a BOA001
|b 2-0720.072
|
| 990 |
|
|
|a BK
|
| 995 |
|
|
|a 01
|
| 991 |
|
|
|b 201210
|
| 996 |
7 |
|
|b 2619654030
|c 2-0720.072
|l Sklad H1
|r Sklad / do 24 hodin
|n 1
|h HS212
|w 001292738
|u 000010
|a 1
|e BOA001
|j MZK50
|s A
|